| 000 | 00747nam a22002297a 4500 | ||
|---|---|---|---|
| 999 |
_c2846 _d2846 |
||
| 001 | 014556061 | ||
| 003 | Uk | ||
| 005 | 20230823154632.0 | ||
| 008 | 080228e200810uuxxk |r|||||||0|0 eng|d | ||
| 020 | _a9781424012770 (pbk.) | ||
| 020 | _a1424012775 (pbk.) : | ||
| 040 |
_aUK-WkNB _beng _cUK-WkNB _dKH8 |
||
| 082 | _a400 WAR | ||
| 100 | 1 |
_aWaring, Rob, _eauthor. |
|
| 245 | 1 | 0 |
_aTeacher's Manual : _bpre-intermediate 800 headwords A2 : footprint reading library / _cRob Waring. |
| 260 |
_aLondon : _bThomson ELT, _b[distributor] Cengage Learning Services, _cc2008. |
||
| 336 |
_atext _2rdacontent |
||
| 337 |
_aunmediated _2rdamedia |
||
| 338 |
_avolume _2rdacarrier |
||
| 366 |
_b20071000 _cIP _jGB _kxxk _mThomson Learning _2UK-WkNB |
||
| 942 |
_2ddc _cTR |
||